<?xml version="1.0" encoding="UTF-8"?>
<record
    xmlns:xsi="http://www.w3.org/2001/XMLSchema-instance"
    xsi:schemaLocation="http://www.loc.gov/MARC21/slim http://www.loc.gov/standards/marcxml/schema/MARC21slim.xsd"
    xmlns="http://www.loc.gov/MARC21/slim">

  <leader>01465nam a2200349 a 4500</leader>
  <controlfield tag="005">20241129075717.0</controlfield>
  <controlfield tag="008">100310s2011||||sp a   f |||| 001 0 spa d</controlfield>
  <datafield tag="020" ind1=" " ind2=" ">
    <subfield code="a">9788479034443</subfield>
  </datafield>
  <datafield tag="041" ind1=" " ind2=" ">
    <subfield code="a">spa</subfield>
  </datafield>
  <datafield tag="092" ind1=" " ind2=" ">
    <subfield code="c">616.07</subfield>
    <subfield code="l">79</subfield>
    <subfield code="s">SIL</subfield>
  </datafield>
  <datafield tag="100" ind1="1" ind2=" ">
    <subfield code="a">Silbernagl, Stefan</subfield>
    <subfield code="9">1947</subfield>
  </datafield>
  <datafield tag="245" ind1=" " ind2=" ">
    <subfield code="a">Fisiolog&#xED;a.</subfield>
    <subfield code="b">Texto y atlas. 188 ilustraciones /</subfield>
    <subfield code="c">Stefan Silbernagl</subfield>
  </datafield>
  <datafield tag="250" ind1=" " ind2=" ">
    <subfield code="a">7a ed. revisada y ampliada</subfield>
    <subfield code="b">Traducci&#xF3;n Jorge Frydman y Alexandra Mandry. Ilustraciones de R&#xFC;diger Gay y Astried Rothenbueger</subfield>
  </datafield>
  <datafield tag="260" ind1=" " ind2=" ">
    <subfield code="a">Madrid: </subfield>
    <subfield code="b">Editorial M&#xE9;dica Panamericana;</subfield>
    <subfield code="c">2011.</subfield>
  </datafield>
  <datafield tag="300" ind1=" " ind2=" ">
    <subfield code="a">440 p.</subfield>
    <subfield code="b">il.</subfield>
  </datafield>
  <datafield tag="500" ind1=" " ind2=" ">
    <subfield code="a">Silbernagl, S. y Despopoulos, A. (Col.). (2011). Fisiolog&#xED;a. Texto y atlas. 188 ilustraciones. (7a ed.). Madrid : Editorial M&#xE9;dica Panamericana.</subfield>
  </datafield>
  <datafield tag="653" ind1=" " ind2=" ">
    <subfield code="a">Bases de la fisiologia, fisiologia celular</subfield>
  </datafield>
  <datafield tag="653" ind1=" " ind2=" ">
    <subfield code="a">Nervio y musculo, trabajo</subfield>
  </datafield>
  <datafield tag="653" ind1=" " ind2=" ">
    <subfield code="a">Sistema nervioso autonomo</subfield>
  </datafield>
  <datafield tag="653" ind1=" " ind2=" ">
    <subfield code="a">Sangre</subfield>
  </datafield>
  <datafield tag="653" ind1=" " ind2=" ">
    <subfield code="a">Respiracion</subfield>
  </datafield>
  <datafield tag="653" ind1=" " ind2=" ">
    <subfield code="a">Estado acido-base</subfield>
  </datafield>
  <datafield tag="653" ind1=" " ind2=" ">
    <subfield code="a">Ri&#xF1;on</subfield>
  </datafield>
  <datafield tag="653" ind1=" " ind2=" ">
    <subfield code="a">Corazon y aparato circulatorio</subfield>
  </datafield>
  <datafield tag="653" ind1=" " ind2=" ">
    <subfield code="a">Equilibrio termico y termoregulacion</subfield>
  </datafield>
  <datafield tag="653" ind1=" " ind2=" ">
    <subfield code="a">Digestion</subfield>
  </datafield>
  <datafield tag="653" ind1=" " ind2=" ">
    <subfield code="a">Hormonas, reproduccion</subfield>
  </datafield>
  <datafield tag="653" ind1=" " ind2=" ">
    <subfield code="a">Sistema nervioso central y sentidos</subfield>
  </datafield>
  <datafield tag="653" ind1=" " ind2=" ">
    <subfield code="a">Ap&#xE9;ndices: Magnitudes y unidades. Potencias y logaritmos. Representaci&#xF3;n gr&#xE1;fica de mediciones. Alfabeto griego. Valores normales. F&#xF3;rmulas importantes en fisiolog&#xED;a</subfield>
  </datafield>
  <datafield tag="700" ind1="1" ind2=" ">
    <subfield code="a">Despopoulos, Agamemnon</subfield>
    <subfield code="9">1948</subfield>
  </datafield>
  <datafield tag="942" ind1=" " ind2=" ">
    <subfield code="2">ddc</subfield>
    <subfield code="c">BK</subfield>
  </datafield>
  <datafield tag="999" ind1=" " ind2=" ">
    <subfield code="c">2254</subfield>
    <subfield code="d">2254</subfield>
  </datafield>
  <datafield tag="952" ind1=" " ind2=" ">
    <subfield code="0">0</subfield>
    <subfield code="1">0</subfield>
    <subfield code="2">ddc</subfield>
    <subfield code="4">0</subfield>
    <subfield code="7">0</subfield>
    <subfield code="8">NFIC</subfield>
    <subfield code="a">BFM</subfield>
    <subfield code="b">BFM</subfield>
    <subfield code="c">CR</subfield>
    <subfield code="d">2016-04-20</subfield>
    <subfield code="e">PROMED 3er a&#xF1;o</subfield>
    <subfield code="g">820.00</subfield>
    <subfield code="l">78</subfield>
    <subfield code="m">11</subfield>
    <subfield code="o">616.07 79 SIL</subfield>
    <subfield code="p">3684</subfield>
    <subfield code="r">2026-03-05</subfield>
    <subfield code="s">2026-03-05</subfield>
    <subfield code="t">Ej.1</subfield>
    <subfield code="w">2016-04-20</subfield>
    <subfield code="y">BK</subfield>
    <subfield code="z">Compra PROMED 3er a&#xF1;o 2016</subfield>
    <subfield code="f"></subfield>
  </datafield>
  <datafield tag="952" ind1=" " ind2=" ">
    <subfield code="0">0</subfield>
    <subfield code="1">4</subfield>
    <subfield code="2">ddc</subfield>
    <subfield code="4">0</subfield>
    <subfield code="5">1</subfield>
    <subfield code="7">1</subfield>
    <subfield code="8">NFIC</subfield>
    <subfield code="a">BFM</subfield>
    <subfield code="b">BFM</subfield>
    <subfield code="c">CR</subfield>
    <subfield code="d">2016-04-20</subfield>
    <subfield code="e">PROMED 3er a&#xF1;o</subfield>
    <subfield code="g">820.00</subfield>
    <subfield code="l">58</subfield>
    <subfield code="m">9</subfield>
    <subfield code="o">616.07 79 SIL</subfield>
    <subfield code="p">3685</subfield>
    <subfield code="r">2024-04-29</subfield>
    <subfield code="s">2024-04-10</subfield>
    <subfield code="t">Ej.2</subfield>
    <subfield code="w">2016-04-20</subfield>
    <subfield code="y">BK</subfield>
    <subfield code="z">Compra PROMED 3er a&#xF1;o 2016</subfield>
    <subfield code="f"></subfield>
  </datafield>
  <datafield tag="952" ind1=" " ind2=" ">
    <subfield code="0">0</subfield>
    <subfield code="1">0</subfield>
    <subfield code="2">ddc</subfield>
    <subfield code="4">0</subfield>
    <subfield code="7">0</subfield>
    <subfield code="a">BFM</subfield>
    <subfield code="b">BFM</subfield>
    <subfield code="c">CR</subfield>
    <subfield code="d">2024-11-29</subfield>
    <subfield code="e">Compra FaCiMed Noviembre 2024</subfield>
    <subfield code="g">61200.00</subfield>
    <subfield code="l">22</subfield>
    <subfield code="m">2</subfield>
    <subfield code="o">616.07 79 SIL</subfield>
    <subfield code="p">4951</subfield>
    <subfield code="q">2026-06-08</subfield>
    <subfield code="r">2026-06-01</subfield>
    <subfield code="s">2026-06-01</subfield>
    <subfield code="t">Ej.3</subfield>
    <subfield code="w">2024-11-29</subfield>
    <subfield code="y">BK</subfield>
    <subfield code="z">Compra FaCiMed Noviembre 2024. Sede Tordos.</subfield>
    <subfield code="f"></subfield>
  </datafield>
  <datafield tag="952" ind1=" " ind2=" ">
    <subfield code="0">0</subfield>
    <subfield code="1">0</subfield>
    <subfield code="2">ddc</subfield>
    <subfield code="4">0</subfield>
    <subfield code="7">0</subfield>
    <subfield code="a">BFM</subfield>
    <subfield code="b">BFM</subfield>
    <subfield code="c">CR</subfield>
    <subfield code="d">2024-11-29</subfield>
    <subfield code="e">Compra FaCiMed Noviembre 2024</subfield>
    <subfield code="g">61200.00</subfield>
    <subfield code="l">20</subfield>
    <subfield code="m">2</subfield>
    <subfield code="o">616.07 79 SIL</subfield>
    <subfield code="p">4952</subfield>
    <subfield code="q">2026-06-09</subfield>
    <subfield code="r">2026-06-02</subfield>
    <subfield code="s">2026-06-02</subfield>
    <subfield code="t">Ej.4</subfield>
    <subfield code="w">2024-11-29</subfield>
    <subfield code="y">BK</subfield>
    <subfield code="z">Compra FaCiMed Noviembre 2024. Sede Tordos.</subfield>
    <subfield code="f"></subfield>
  </datafield>
</record>
